000 01125na a2200289 4500
001 14739
003 MIRAKIL
005 20181213155110.0
008 160908b tu 000 0
020 _a9751923719
035 _a14739
040 _aMilas
_btur
_cTR-AnCHP
082 _a324.9 1999
_bD53m 2001
090 _a324.9 1999 D53m 2001
110 _aTürkiye İstatistik Kurumu (TÜİK)
245 _aMilletvekili genel seçimi sonuçları (özet tabloları)
_b18.04.1999 = The results of elections of local administration (summary tables)
_cDevlet İstatistik Enstitüsü (DİE)
246 _aResults of elections of local administration
246 _a1999 yerel seçimleri
260 _aAnkara
_bDevlet İstatistik Enstitüsü (DİE)
_c2001
300 _aix, 511 s.
_btbl.
_c29 sm.
490 _aDevlet İstatistik Enstitüsü
_v2388
500 _aMetinler Türkçe-İngilizce karşılıklıdır.
650 _aSeçimler
_xİstatistikler
_yİller
_zTürkiye
650 _aSiyasal partiler
_x1999-2002
_yİller
_zTürkiye
651 _aTürkiye
_vGenel seçimler, 1999
_xİstatistikler
_yİller
942 _2ddc
_cBKS
999 _c6521
_d6521